Mirando y mirando /
Sin resumen
Guardat en:
| Autor principal: | |
|---|---|
| Format: | Text |
| Matèries: | |
| Etiquetes: |
Afegir etiqueta
Sense etiquetes, Sigues el primer a etiquetar aquest registre!
|
MARC
| LEADER | 00000 a a2200000 04500 | ||
|---|---|---|---|
| 001 | 13443 | ||
| 003 | |||
| 040 | |||
| 100 | |a Gutiérrez Mangel, Joaquín | ||
| 245 | |a Mirando y mirando / |c Joaquín Gutiérrez Mangel | ||
| 520 | |a Sin resumen | ||
| 650 | |a VALORES CULTURALES | ||
| 773 | |g número 4; páginas 7-10 | ||
| 999 | |c 38968 |d 38968 | ||
